- Monsiváis, Carlos,
Entry Nombre Personal
001 - NUMERO DE CONTROL
- campo de control: 28357
003 - IDENTIFICADOR DE NUMERO DE CONTROL
- campo de control: DLC
005 - FECHA Y HORA DE LA ÜLTIMA TRANSACCIÓN
- campo de control: 20230303120125.0
008 - DATOS DE LONGITUD FIJA
- campo de control de longitud fija: 230303n| azannaabn |a aaa
010 ## - NÚMERO DE CONTROL DE LA BIBLIOTECA DEL CONGRESO
- Número de control LC: n 81150207
035 ## - NUMERO DE CONTROL
- Número de control: (OCoLC)oca00694958
040 ## - FUENTE DE CATALOGACIÓN
- Agencia original de catalogación: DLC
- Lenguaje de catalogación: spa
- Description conventions: rda
- Agencia de transcripción: DLC
- Agencia que lo modifica: ICU
- Agencia que lo modifica: OCoLC
- Agencia que lo modifica: DLC
- Agencia que lo modifica: ICU
- Agencia que lo modifica: UPB
- Agencia que lo modifica: MX-MxUPN
046 ## - FECHAS CON CODIFICACIÓN ESPECIAL
- Fecha de nacimiento: 19380504
- Fecha de muerte: 20100619
053 #0 - NÚMERO DE CLASIFICACIÓN LC
- Número de clasificación elemento-número único o número inicial de tramo: PQ7298.23.O686
100 1# - ENCABEZAMIENTO - NOMBRE PERSONAL
- Nombre personal: Monsiváis, Carlos,
- Fechas asociadas con el nombre: 1938-2010
370 ## - LUGAR ASOCIADO
- Place of birth: Ciudad de México(México)
- Place of death: Ciudad de México(México)
- Fuente del término: naf
374 ## - OCUPACIÓN
- Occupation: Escritor
- Occupation: Crítico
- Occupation: Activista político
- Occupation: Periodista
- Fuente del término: lcsh
375 ## - GÉNERO
- Gender: masculino
377 ## - LENGUA ASOCIADA
- Language code: spa
378 ## - FORMA COMPLETA DE NOMBRE PERSONAL
- Fuller form of personal name: Monsiváis Aceves
400 1# - VEÁSE - NOMBRE DE PERSONA
- Personal name: Monsiváis Aceves, Carlos,
- Dates associated with a name: 1938-2010
400 1# - VEÁSE - NOMBRE DE PERSONA
- Personal name: Aceves, Carlos Monsiváis,
- Dates associated with a name: 1938-2010
670 ## - FUENTE EN LA QUE SE LOCALIZARON DATOS
- Cita de la fuente: La poesía mexicana del siglo XX, 1966.
670 ## - FUENTE EN LA QUE SE LOCALIZARON DATOS
- Cita de la fuente: Wikipedia, June 21, 2010:
- Información localizada: (Carlos Monsiváis Aceves; b. May 4, 1938 in Mexico City; d. June 19, 2010 in Mexico City; Mexican writer, critic, political activist, and journalist; considered a leading intellectual of his time, Monsiváis documented contemporary Mexican themes, values, class struggles, and societal change in his essays, books and opinion pieces)
902 ## - CATALOGADOR
- Catalogador: NDAF/030323
